[Event "Hannover-ch U18"]
[Site "Lehrte"]
[Date "2010.10.10"]
[Round "3"]
[White "Nuelle, Christoph"]
[Black "Traulsen, Timo"]
[Result "1/2-1/2"]
[WhiteElo "1804"]
[BlackElo "1695"]
[PlyCount "140"]
[EventDate "2010.10.09"]
[EventType "swiss"]
[EventRounds "7"]
[EventCountry "GER"]
[SourceTitle "EXT 2021"]
[Source "ChessBase"]
[SourceDate "2020.10.23"]
[SourceVersion "1"]
[SourceVersionDate "2020.10.23"]
[SourceQuality "1"]

1. e4 e6 2. d4 d5 3. Nc3 dxe4 4. Nxe4 Nd7 5. Nf3 Ngf6 6. Bg5 Be7 7. Nxf6+ Nxf6 8. Bd3 h6 9. Bh4 0-0 10. Qe2 c5 11. dxc5 Qa5+ 12. c3 Qxc5 13. 0-0 Nd7 14. Qe4 g6 15. Nd4 Nf6 16. Qf3 Kg7 17. Rfe1 Nd5 18. Bg3 Bd6 19. Be5+ Bxe5 20. Rxe5 Qd6 21. Rae1 Bd7 22. Qg3 a6 23. f4 Nb4 24. Bb1 Nc6 25. Nxe6+ Bxe6 26. Rxe6 Qc5+ 27. Kh1 Qh5 28. R6e3 f5 29. Bd3 g5 30. Qf2 g4 31. g3 Rf6 32. Bc4 Rff8 33. Re6 Rae8 34. Qe3 Rxe6 35. Qxe6 Qg6 36. Qxg6+ Kxg6 37. Re6+ Kg7 38. Bxa6 Nd8 39. Rb6 bxa6 40. Rxa6 Re8 41. b3 Re1+ 42. Kg2 Rc1 43. c4 Rc2+ 44. Kf1 Rc1+ 45. Ke2 Rc2+ 46. Ke3 Rxh2 47. Rd6 Nf7 48. Rd2 Rh3 49. Rg2 Kf6 50. c5 Ke6 51. Kd4 h5 52. b4 Nd8 53. b5 h4 54. Re2+ Kd7 55. gxh4 Rxh4 56. Ke5 g3 57. Rd2+ Kc7 58. Rg2 Rh2 59. Rxg3 Rxa2 60. Rg7+ Kc8 61. b6 Ra5 62. Rc7+ Kb8 63. Kf6 Nb7 64. c6 Nd8 65. Ra7 Nxc6 66. Rxa5 Nxa5 67. Kxf5 Nc6 68. Ke6 Kb7 69. Kf7 Kxb6 70. f5 Kc7 1/2-1/2

[Event "Niedersachsen-chT U16"]
[Site "Verden an der Aller"]
[Date "2009.05.21"]
[Round "1.4"]
[White "Worpenberg, Matthias"]
[Black "Traulsen, Timo"]
[Result "1-0"]
[WhiteElo "1279"]
[BlackElo "1352"]
[PlyCount "61"]
[EventDate "2009.05.21"]
[EventType "team-tourn"]
[EventRounds "5"]
[EventCountry "GER"]
[SourceTitle "EXT 2010"]
[Source "ChessBase"]
[SourceDate "2010.11.25"]
[SourceVersion "1"]
[SourceVersionDate "2010.11.25"]
[SourceQuality "1"]
[WhiteTeam "Hagen"]
[BlackTeam "Ricklingen"]
[WhiteTeamCountry "GER"]
[BlackTeamCountry "GER"]

1. e4 e6 2. d4 d5 3. exd5 exd5 4. Bd3 Bd6 5. Ne2 Nc6 6. c3 Nge7 7. Qc2 Be6 8. 0-0 Qd7 9. Be3 0-0-0 10. Nd2 h5 11. b4 h4 12. a4 Bxh2+ 13. Kxh2 h3 14. g3 Ng8 15. a5 Nf6 16. f3 Rdg8 17. b5 Nb8 18. c4 g5 19. c5 g4 20. f4 c6 21. f5 Nh5 22. fxe6 fxe6 23. bxc6 Nxc6 24. a6 Rf8 25. axb7+ Kxb7 26. Rfb1+ Kc7 27. Bb5 Ra8 28. Nf4 Ng7 29. Ng6 Rhc8 30. Bxc6 Qxc6 31. Ne7 1-0

[Event "Hannover-ch U14"]
[Site "Lehrte"]
[Date "2006.10.16"]
[Round "6"]
[White "Traulsen, Timo"]
[Black "Daehn, Corinna"]
[Result "1/2-1/2"]
[WhiteElo "984"]
[BlackElo "1118"]
[PlyCount "23"]
[EventDate "2006.10.14"]
[EventType "swiss"]
[EventRounds "7"]
[EventCountry "GER"]
[SourceTitle "EXT 2021"]
[Source "ChessBase"]
[SourceDate "2020.10.23"]
[SourceVersion "1"]
[SourceVersionDate "2020.10.23"]
[SourceQuality "1"]

1. e4 e6 2. d4 d5 3. exd5 exd5 4. Bd3 Nf6 5. Nf3 c5 6. c3 c4 7. Be2 Bd6 8. 0-0 0-0 9. Bg5 h6 10. Bxf6 Qxf6 11. Nbd2 Nc6 12. b3 1/2-1/2